Manchester United FC Legends - Statistics

General Stats
  • This quiz has been taken 1,099 times
  • The average score is 15 of 24
Answer Stats
Picture Answer % Correct
Cristiano Ronaldo
98%
David Beckham
98%
Wayne Rooney
96%
Rio Ferdinand
92%
Eric Cantona
91%
Edwin van der Sar
89%
George Best
89%
Ryan Giggs
88%
Bobby Charlton
87%
Paul Scholes
86%
Roy Keane
83%
Ruud van Nistelrooy
83%
Gary Neville
82%
Peter Schmeichel
82%
Ole Gunnar Solskjær
70%
Steve Bruce
38%
Denis Irwin
37%
Denis Law
36%
Mark Hughes
32%
Bryan Robson
27%
Duncan Edwards
15%
Norman Whiteside
8%
Tommy Taylor
6%
Roger Byrne
4%
No matching quizzes found
Score Distribution
Percent of People with Each Score
Percentile by Number Answered
Your Score History
You have not taken this quiz